000 01063nam a2200301 a 4500
001 60063
003 BD-RjUL
005 20211209080812.0
008 161228s1986 nyua b s001 0 eng
020 _a0887063438
020 _a088706342X (pbk.)
035 _a(BD-RjUL)60187
040 _aDLC
_cDLC
_dDLC
_dBD-RjUL
_beng
041 _aeng
082 0 0 _a353.0082326
_223
_bSHE 1986
100 1 _aShover, Neal.
_9178760
245 1 0 _aEnforcement or negotiation :
_bconstructing a regulatory bureaucracy /
_cNeal Shover, Donald A. Clelland, John Lynxwiler.
260 _aNew York :
_bState University of New York Press,
_cc1986.
300 _axi, 193 p. :
_bill. ;
_c24 cm.
500 _a
504 _aIncludes index and Bibliography
650 0 _aStrip mining
_xLaw and legislation
_zUnited States.
_9178762
700 1 _aClelland, Donald A.
_9178763
700 1 _aLynxwiler, John.
_9178764
830 _aSUNY series in critical issues in criminal justice
_9178765
942 _2ddc
_cBK
999 _c60063
_d60063